Results of the eighth United Nations inquiry among governments on population adn development (Record no. 2683)

MARC details
000 -LEADER
fixed length control field 00606nam a2200193Ia 4500
020 ## - INTERNATIONAL STANDARD BOOK NUMBER
ISBN 7.06653000500711E+018
082 ## - DEWEY DECIMAL CLASSIFICATION NUMBER
Classification number 330.9 UNI-;
245 #0 - TITLE STATEMENT
Title Results of the eighth United Nations inquiry among governments on population adn development
260 ## - PUBLICATION, DISTRIBUTION, ETC. (IMPRINT)
Place of publication New York
Name of publisher United Nations Publications
Year of publication 2001
300 ## - PHYSICAL DESCRIPTION
Number of Pages xii, 198p
650 ## - SUBJECT ADDED ENTRY--TOPICAL TERM
Topical Term Health
650 ## - SUBJECT ADDED ENTRY--TOPICAL TERM
Topical Term Population - Economic aspects
650 ## - SUBJECT ADDED ENTRY--TOPICAL TERM
Topical Term Birth control
650 ## - SUBJECT ADDED ENTRY--TOPICAL TERM
Topical Term Population - Statistics
650 ## - SUBJECT ADDED ENTRY--TOPICAL TERM
Topical Term Mortality
650 ## - SUBJECT ADDED ENTRY--TOPICAL TERM
Topical Term Population policy
710 ## - ADDED ENTRY--CORPORATE NAME
Corporate name or jurisdiction name as entry element United Nations. Department of Economic and Social Affairs
942 ## - ADDED ENTRY ELEMENTS (KOHA)
Koha item type Books
Holdings
Withdrawn status Lost status Damaged status Not for loan Home library Current library Date acquired Bill Date Full call number Accession Number Price effective from Koha item type
        NASSDOC Library NASSDOC Library 08/06/2004 2004-10-05 330.9 UNI-; 38392 18/04/2019 Books